| 000 | 00000nam##2200000za#4500 |
| 001 | 9.616081 |
| 003 | CaOODSP |
| 005 | 20211126112847 |
| 007 | ta |
| 008 | 150406|2002||||xxc||||| f|0| 0 eng|d |
| 022 | |a1192-5434 |
| 040 | |aCaOODSP|beng |
| 043 | |an-cn--- |
| 086 | 1 |aFB3-2/102-23E |
| 110 | 2 |aBank of Canada. |
| 245 | 10|aHow to improve inflation targeting at the Bank of Canada / |cby Nicholas Rowe. |
| 260 | |aOttawa - Ontario : |bBank of Canada |c2002. |
| 300 | |av, 34p. : |bgraphs, references, tables ; |c28 cm. |
| 490 | 1 |aWorking paper|x1192-5434|v2002-23. |
| 546 | |aRésumés en français. |
| 563 | |aSoftcover |
| 590 | |a02-37|b2002-09-13 |
| 690 | 07|aInflation|2gcpds |
| 690 | 07|aModelling|2gcpds |
| 690 | 07|aMonetary policy|2gcpds |
| 690 | 07|aStrategies|2gcpds |
| 720 | 1 |aRowe, Nicholas |
| 776 | 0#|tHow to improve inflation targeting at the Bank of Canada / |w(CaOODSP)9.571604 |
| 830 | #0|aWorking paper,|x1192-5434|v2002-23.|w(CaOODSP)9.514622 |